000 00692nam a2200217Ia 4500
005 20241129105834.0
008 241129s9999||||xx |||||||||||||| ||und||
020 _a978-93-5572-338-3
037 _aTB
040 _aARTS
_beng
_cARTS
041 _aeng
_2eng
084 _aQ8441v R2
_qARTS
100 _aChatterjee Chhanda Ed.
_9589746
245 0 _aTraditions, personalities and memories: aspects of sikh history, 1469-1914: essays in honour of Sardar Saran Singh
_cChatterjee Chhanda Ed.
260 _aDelhi, India
_bPrimus Books
_c2022
300 _axvii,276p.
365 _aINR
_b1295
650 _aSikkhism
_9726471
942 _cTB
_hQ8441v R2
999 _c1226222
_d1226222